| 000 | 00550nam a22002057a 4500 | ||
|---|---|---|---|
| 003 | OSt | ||
| 005 | 20140310182848.0 | ||
| 008 | 130619t xxu||||| |||| 00| 0 eng d | ||
| 020 | _a0060607955 | ||
| 050 |
_aRC 480.5 _b.B631 1974 |
||
| 082 |
_aM 616.092 _bB56 1974 |
||
| 245 |
_aStudy guide for I'm ok you're ok / _cBlackstock, Richard |
||
| 260 |
_aNew York : _bHarper & Row, _cc1974. |
||
| 300 |
_axii, 58 p. : _c18 cm. |
||
| 521 | _acollege students | ||
| 526 | _c1210L-1700L | ||
| 541 | _j1 | ||
| 562 | _e1 | ||
| 942 |
_2lcc _cBK _kM |
||
| 999 |
_c16962 _d16962 |
||